Can You Name Every Equippable TF2 Taunt? - Statistics

General Stats
  • This quiz has been taken 6 times
  • The average score is 49 of 116
Answer Stats
Class Type Taunt Name % Correct
All-Class Group Taunt: Conga
100%
All-Class Partner Taunt: Flippin' Awesome
100%
Sniper Action Taunt: I See You
100%
All-Class Partner Taunt: Square Dance
100%
All-Class Partner Taunt: The High Five!
100%
All-Class Action Taunt: The Schadenfreude
100%
Scout Action Taunt: Battin' a Thousand
67%
Engineer Looping Taunt: Bucking Bronco
67%
All-Class Action Taunt: Cheers!
67%
All-Class Group Taunt: Kazotsky Kick
67%
All-Class Group Taunt: Mannrobics
67%
Engineer Looping Taunt: Rancho Relaxo
67%
Pyro Looping Taunt: Roasty Toasty
67%
All-Class Partner Taunt: Rock, Paper, Scissors
67%
Heavy Looping Taunt: Russian Rubdown
67%
Spy Looping Taunt: The Box Trot
67%
Scout Looping Taunt: The Carlton
67%
Engineer Looping Taunt: The Dueling Banjo
67%
All-Class Partner Taunt: The Fist Bump
67%
Sniper Action Taunt: The Killer Solo
67%
Medic Action Taunt: The Meet the Medic
67%
Demoman Looping Taunt: The Pooped Deck
67%
Heavy Action Taunt: The Proletariat Posedown
67%
All-Class Action Taunt: The Scaredy-Cat!
67%
All-Class Action Taunt: The Shred Alert
67%
Medic Looping Taunt: Time Out Therapy
67%
All-Class Action Taunt: Yeti Smash
67%
Demoman Action Taunt: Bad Pipes
33%
Heavy Partner Taunt: Bear Hug
33%
Medic Action Taunt: Borrowed Bones
33%
All-Class Action Taunt: Burstchester
33%
Spy Action Taunt: Buy a Life
33%
Soldier Action Taunt: Can It!
33%
Scout Looping Taunt: Chairholder
33%
All-Class Action Taunt: Commending Clap
33%
Pyro Action Taunt: Cremator's Condolences
33%
Heavy Action Taunt: Crushing Defeat
33%
Spy Action Taunt: Curtain Call
33%
Demoman Action Taunt: Dead Mann's Drink
33%
Scout Action Taunt: Deep Fried Desire
33%
Sniper Looping Taunt: Didgeridrongo
33%
Spy Action Taunt: Disco Fever
33%
Medic Action Taunt: Doctor's Defibrillators
33%
Demoman Looping Taunt: Drunk Mann's Cannon
33%
All-Class Looping Taunt: Flying Colors
33%
Demoman Action Taunt: Fore-Head Slice
33%
Scout Action Taunt: Foul Play
33%
Soldier Action Taunt: Fresh Brewed Victory
33%
Scout Action Taunt: Healthcare Hog
33%
Medic Action Taunt: Heartbreaker
33%
All-Class Action Taunt: Killer Joke
33%
Spy Looping Taunt: Luxury Lounge
33%
Sniper Action Taunt: Most Wanted
33%
All-Class Action Taunt: Mourning Mercs
33%
Soldier Partner Taunt: Neck Snap
33%
Demoman Action Taunt: Oblooterated
33%
Soldier Looping Taunt: Panzer Pants
33%
Pyro Action Taunt: Party Trick
33%
All-Class Action Taunt: Peace!
33%
Scout Action Taunt: Peace Out
33%
Pyro Looping Taunt: Pool Party
33%
Medic Action Taunt: Results Are In
33%
Heavy Action Taunt: Ring King
33%
Demoman Action Taunt: Roar O'War
33%
Soldier Looping Taunt: Rocket Jockey
33%
Scout Looping Taunt: Runner's Rhythm
33%
Pyro Looping Taunt: Scorcher's Solo
33%
Demoman Looping Taunt: Scotsmann's Stagger
33%
All-Class Action Taunt: Second Rate Sorcery
33%
Demoman Looping Taunt: Shanty Shipmate
33%
Sniper Looping Taunt: Shooter's Stakeout
33%
All-Class Partner Taunt: Skullcracker
33%
Soldier Action Taunt: Soldier's Requiem
33%
Demoman Action Taunt: Spent Well Spirits
33%
Scout Looping Taunt: Spin-to-Win
33%
Soldier Action Taunt: Star-Spangled Strategy
33%
Sniper Action Taunt: Straight Shooter Tutor
33%
Medic Looping Taunt: Surgeon's Squeezebox
33%
Spy Looping Taunt: Tailored Terminal
33%
Spy Looping Taunt: Teufort Tango
33%
Engineer Action Taunt: Texan Trickshot
33%
Engineer Looping Taunt: Texas Truckin'
33%
Engineer Action Taunt: Texas Twirl 'Em
33%
Pyro Looping Taunt: The Balloonibouncer
33%
Heavy Looping Taunt: The Boiling Point
33%
Scout Looping Taunt: The Boston Boarder
33%
Scout Action Taunt: The Boston Breakdance
33%
Scout Looping Taunt: The Bunnyhopper
33%
All-Class Action Taunt: The Critical Fail
33%
Spy Looping Taunt: The Crypt Keeper
33%
All-Class Action Taunt: The Director's Vision
33%
Demoman Looping Taunt: The Drunken Sailor
33%
All-Class Action Taunt: The Final Score
33%
Soldier Action Taunt: The Fubar Fanfare
33%
Pyro Action Taunt: The Headcase
33%
Medic Action Taunt: The Head Doctor
33%
Scout Looping Taunt: The Homerunner's Hobby
33%
Pyro Looping Taunt: The Hot Wheeler
33%
Engineer Looping Taunt: The Jumping Jack
33%
Scout Action Taunt: The Killer Signature
33%
Soldier Action Taunt: The Profane Puppeteer
33%
Spy Action Taunt: The Punchline
33%
Heavy Looping Taunt: The Road Rager
33%
Heavy Looping Taunt: The Russian Arms Race
33%
Scout Looping Taunt: The Scooty Scoot
33%
Pyro Looping Taunt: The Skating Scorcher
33%
Heavy Looping Taunt: The Soviet Strongarm
33%
Heavy Looping Taunt: The Table Tantrum
33%
Scout Action Taunt: The Trackman's Touchdown
33%
Spy Looping Taunt: The Travel Agent
33%
All-Class Looping Taunt: The Victory Lap
33%
All-Class Action Taunt: Unleashed Rage
33%
All-Class Action Taunt: Yeti Punch
33%
All-Class Looping Taunt: Zoomin' Broom
33%
Heavy Looping Taunt: Bare Knuckle Beatdown
0%
Medic Looping Taunt: The Mannbulance!
0%
No matching quizzes found
Score Distribution
Percent of People with Each Score
Percentile by Number Answered
Your Score History
You have not taken this quiz